• 首页
  • 本馆介绍
  • 公告通知
  • 最新文献
  • 馆藏检索
  • 电子资源
  • 读者导购
  • 参考咨询
  • 我的图书馆
  • 登录
  • 详细信息显示
  • 放入我的书架
  • 预约/预借图书
  • 作者相关作品
  • 分类相关作品
  • 丛书相关作品
  • 出版社相关作品

书目信息

  • 表格格式
  • 工作单格式
  • 卡片格式
题名:
苏联理论界论社会主义社会的阶级
    
 
作者: ;中国社会科学院情报研究所 编
分册:  
出版信息: 北京   中国社会科学出版社  1980
页数: 218页
开本: 19cm
丛书名: 国外社会科学资料丛书
单 册:
中图分类: D0-0
科图分类:
主题词: 社会主义社会-阶级分析 , 阶级分析-社会主义社会 , 科学社会主义理论 , 共产主义运动--理论
电子资源:
ISBN:
000 00909nam2 2200289 45
001 0180008003
005 20060819084529.67
010    @dCNY0.57
091    @aCN@b3190.013
100    @a19950602d1980 kemy0chiy0121 ea
101 0  @achi
102    @aCN@b110000
105    @ay z 000yy
200 10 @a苏联理论界论社会主义社会的阶级@Asu lian li lun jie lun she hui zhu yi she hui de jie ji@f中国社会科学院情报研究所编译
210    @a北京@c中国社会科学出版社@d1980
215    @a218页@d19cm
225 2  @a国外社会科学资料丛书
410  0 @120010@a国外社会科学资料丛书
606    @a社会主义社会-阶级分析
606    @a阶级分析-社会主义社会
606 0  @a科学社会主义理论
606 0  @a共产主义运动@x理论
690    @aD0-0@v3
711 02 @a中国社会科学院情报研究所@Azhong guo she hui ke xue yuan qing bao yan jiu suo@4编
801  2 @aCN@bNLC@c20060819
801  0 @aCN@bTSSF
905    @a10447@dD0-0@e125
    
    苏联理论界论社会主义社会的阶级/中国社会科学院情报研究所编译.-北京:中国社会科学出版社,1980
    218页;19cm.-(国外社会科学资料丛书)
    
    
    ISBN :CNY0.57
    
●
相关链接 在E读中查询图书 在五车中查询图书 在当当中查询图书 在豆瓣中查询图书


正题名:苏联理论界论社会主义社会的阶级     索取号:D0-0/125         预约/预借

序号 登录号 条形码 馆藏地/架位号 状态 备注
1 0469372   204693723   密集书库/ [索取号:D0-0/125] 在馆    
唐山师范学院图书馆 欢迎您!
大连网信软件有限公司© 版权所有